00509nam a2200193 a 4500001001300000003000900013005001700022008004100039020000900080082001300089100001900102245005200121260003400173300000900207500003500216505001000251650003500261700001900296nice12345678IN_TiNIC20260116012108.0050524s1966 lona grp 000 0 eng  ac2500a268bMOR aMoran, Gabriel aGod Still Speaksb Basis of Christian Education aLondonbBurns and Oatesc1966 a180p aincludes index and biblioraphy2 aIndex aChristian Education & Training1 aMoran, Gabriel